| 000 | 01128nam a2200253Ia 4500 | ||
|---|---|---|---|
| 999 |
_c37673 _d37673 |
||
| 001 | 3645 | ||
| 003 | GE_BSU | ||
| 005 | 20190524171412.0 | ||
| 008 | 181216s1991||||ge |||||||||||||| ||geo|| | ||
| 040 | _cGE_BSU | ||
| 041 | _ageo | ||
| 080 | _a517.3(072) გ–20 | ||
| 245 |
_aგანსაზღვრული ინტეგრალი : დამხმ. სახელმძღ. / _cჯ .სანიკიძე ; ზ. ნაცვლიშვილი ; ს.წილოსანი ; დ. ზანგურიძე ; რედ : ე. გიორგაძე . |
||
| 264 |
_aთბილისი : _bსტი, _c1991. |
||
| 300 |
_a82 გვ :. _c20 სმ. |
||
| 504 | _aბიბლიოგრ.: გვ. 80. | ||
| 653 | _aგანსაზღვრული ინტეგრალი. | ||
| 700 |
_aსანიკიძე, ჯ _91590 |
||
| 700 |
_aნაცვლიშვილი, ზ _91591 |
||
| 700 |
_aწილოსანი, ს _91592 |
||
| 700 |
_aზანგურიძე,დ _91593 |
||
| 700 |
_aგიორგაძე, ე _eრედაქტორი _9398 |
||
| 942 |
_cBK _2udc |
||